| 000 | 00507nam a2200133Ia 4500 | ||
|---|---|---|---|
| 008 | 150609s9999 xx 000 0 und d | ||
| 050 |
_aHF 5415.32 _b.E81 2015 |
||
| 100 | _aEstorque, Nel John Tan. | ||
| 245 |
_aCustomer preference for international cuisine of customer in BF homes Parañaque / _cNel John Tan Estorque. |
||
| 260 |
_aLas Piñas, Philippines : _bSISC, _c2015. |
||
| 300 |
_a28 pages : _billustrations ; _c28 cm. |
||
| 500 | _aIncludes bibliography reference. | ||
| 650 | _aConsumers' preferences | ||
| 999 |
_c285058 _d285058 |
||